000 00881nam a2200205Ia 4500
005 20260429112249.0
008 260429s9999||||xx |||||||||||||| ||und||
020 _a9789390971756
041 _aHindi
082 _a780.92
_bBAJ
100 _aबाजपेयी, त्रिनेत्र
245 0 _aयाद किया दिल ने :
_bहिंदी सिनेमा के सबसे गौरवशाली संगीत निर्देशकों का जीवन और कृतित्व /
_cत्रिनेत्र बाजपेयी
250 _a1st ed.
260 _aनई दिल्ली :
_bराजकमल प्रकाशन,
_c2022.
300 _a457 p.; Hb
650 _aसिनेमा
700 _a धीर, युगांक
700 _a बाजपेयी, अंशुला
942 _cTB
999 _c53200
_d53200